00528nam a2200181Ia 4500008004100000020001500041082001800056100002000074245003700094250000800131260002900139300001100168500002400179650001500203942000700218952010600225999001500331230524s9999 xx 000 0 und d a8188429171 a621.3129bJAI aR.Jaishri96268 0aElectrical Power Delevery System a1ST aNEW DELHIbScitechc2003 aXV;278 aQuantity Number: 1 aElectrical cBK 00104070aTATCLbTATCLcGENd2023-05-24l0o621.3129 JAIp601r2023-05-24w2023-05-24yBKzCPEC5203 c8784d8784